Crisis de la hegemonía oligárquica, clases populares y populismo en Ecuador
Guardado en:
| Hovedforfatter: | |
|---|---|
| Format: | Texto |
| Udgivet: |
Quito :
|
| Tags: |
Tilføj Tag
Ingen Tags, Vær først til at tagge denne postø!
|
MARC
| LEADER | 00000 a a2200000 04500 | ||
|---|---|---|---|
| 001 | 16158 | ||
| 003 | |||
| 040 | |||
| 090 | |a 012800 | ||
| 100 | |a Campo, Esteban del | ||
| 245 | |a Crisis de la hegemonía oligárquica, clases populares y populismo en Ecuador | ||
| 260 | |a Quito : | ||
| 300 | |a 35 p. | ||
| 999 | |c 1788 |d 1788 | ||
